Adivinhe o time: Cearense 2025 - Statistics

Estatísticas Gerais
  • Esse quiz foi jogado 29 vezes
  • A pontuação média é 8 de 10
Estatísticas das Respostas
Imagem Resposta % Correto
Ceará
100%
Fortaleza
100%
Ferroviário
92%
Floresta
92%
Horizonte
79%
Iguatu
75%
Maracanã
75%
Barbalha
67%
Tirol
58%
Cariri
50%
Nenhum quiz correspondente encontrado
Distribuição das Pontuações
Porcentagem de Pessoas com Cada Pontuação
Percentil de Números Respondidos
Sua Pontuação Histórica
Você não jogou esse quiz